000 01183nam a22002177a 4500
999 _c22689
_d22689
003 OSt
005 20230808131131.0
008 230808b ||||| |||| 00| 0 eng d
020 _a978-874-04990-6-3
040 _aMunicipalidad Provincial del Cusco
_bspa
_cBiblioteca Municipal del Cusco
082 _a378.155 / E88C
_bE88C
100 _938300
_aEspinoza Herrera, Nemesio
245 _aCiencia y tecnología - Ponencias - /
_bPresentadas en Brasil, Chile, Colombia, Costa Rica, Cuba, Grecia, Japón, México, Italia, Perú y República Popular China. /
_cNemesio Espinoza Herrera
250 _aLima:
_bSaco.com Perú S.A.C., 2019.
260 _aLima:
_bAleph impresiones S.R.L.
_cDiciembre-2021
300 _a188 páginas ;
_c21 cm.
505 _aRecomendaciones acerca de la Investigación Científica y de la Epistemología en la universidad -- Ciencia y tecnología para el futuro sostenible del Perú -- Cinco antítesis acerca de la Filosofía -- La investigación científica en la administración -- la diada Ciencia y Tecnología como fundamento de la felicidad humana...
650 0 _98461
_aCiencia y tecnología
942 _2ddc
_cLIBROS
945 _avcp
_d2023-08-08